000 00284nam a2200109 a 4500
008 101213s2008|||| d
245 1 0 _aStudia Bibliographica Posoniensia I/2008
260 _bUniverzitná knižnica
_aBratislava
_c2008
020 _c10
041 _aslo
044 _axo
_cSK
999 _c15163
_d15163